The Ottoman forts and castles of Yemen : (Record no. 23974)

000 -LEADER
fixed length control field 01291cam a2200301 a 4500
001 - CONTROL NUMBER
control field 16394573
005 - DATE AND TIME OF LATEST TRANSACTION
control field 20170127124833.0
008 - FIXED-LENGTH DATA ELEMENTS--GENERAL INFORMATION
fixed length control field 100811s2010 nyuaf b 001 0 eng
010 ## - LIBRARY OF CONGRESS CONTROL NUMBER
LC control number 2010034391
020 ## - INTERNATIONAL STANDARD BOOK NUMBER
International Standard Book Number 9780773412910
020 ## - INTERNATIONAL STANDARD BOOK NUMBER
International Standard Book Number 0773412913
035 ## - SYSTEM CONTROL NUMBER
System control number (OCoLC)ocn656850362
043 ## - GEOGRAPHIC AREA CODE
Geographic area code a-ye---
050 00 - LIBRARY OF CONGRESS CALL NUMBER
Classification number NA1490 .Y45F37 2010
100 1# - MAIN ENTRY--PERSONAL NAME
Personal name Farah, Caesar E.
245 14 - TITLE STATEMENT
Title The Ottoman forts and castles of Yemen :
Remainder of title a photographic and architectural analysis /
Statement of responsibility, etc. Caesar E. Farah ; with a preface by G. Rex Smith.
260 ## - PUBLICATION, DISTRIBUTION, ETC. (IMPRINT)
Place of publication, distribution, etc. Lewiston, N.Y. :
Name of publisher, distributor, etc. Edwin Mellen Press,
Date of publication, distribution, etc. c2010.
300 ## - PHYSICAL DESCRIPTION
Extent iii, 114 p., [38] p. of plates :
Other physical details ill. (some col.) ;
Dimensions 24 cm.
504 ## - BIBLIOGRAPHY, ETC. NOTE
Bibliography, etc Includes bibliographical references and index.
650 #0 - SUBJECT ADDED ENTRY--TOPICAL TERM
Topical term or geographic name as entry element Fortifications
Geographic subdivision Yemen (Republic)
650 #0 - SUBJECT ADDED ENTRY--TOPICAL TERM
Topical term or geographic name as entry element Castles
Geographic subdivision Yemen (Republic)
650 #0 - SUBJECT ADDED ENTRY--TOPICAL TERM
Topical term or geographic name as entry element Architecture, Ottoman
Geographic subdivision Yemen (Republic)
942 ## - ADDED ENTRY ELEMENTS (KOHA)
Source of classification or shelving scheme
Koha item type Hard Covered Materials
Holdings
Withdrawn status Lost status Source of classification or shelving scheme Damaged status Not for loan Home library Current library Shelving location Date acquired Source of acquisition Total Checkouts Full call number Barcode Date last seen Price effective from Koha item type
          MACHAKOS UNIVERSITY LIBRARY MACHAKOS UNIVERSITY LIBRARY Technical section 27/01/2017 Donation(BFA)   NA1490 .Y45F37 2010 30434 10/07/2018 27/01/2017 Hard Covered Materials
© Machakos University Library, Along The Highway, Machakos Wote Rd, Machakos, Kenya P.O. Box 136 - 90100 Machakos - Kenya

Tel: ( +254 ) 723 805829 OR Fax : 044-20353 OR Email: library@mksu.ac.ke